| 000 | 00652nam a2200241Ia 4500 | ||
|---|---|---|---|
| 003 | OSt | ||
| 005 | 20220918222125.0 | ||
| 006 | a|||||r|||| 00| 0 | ||
| 007 | ta | ||
| 008 | 220917b |||||||| |||| 00| 0 eng d | ||
| 024 | _a215,822 | ||
| 037 | _cTextual | ||
| 040 |
_aARTS _cARTS _beng |
||
| 041 |
_2eng _aeng |
||
| 082 | _aV2(Q7).N9, P2 | ||
| 100 |
_aMushirul Hasan _914434 |
||
| 245 | 0 | _aIslam in the subcontinent muslims in a plural society | |
| 260 |
_aNew Delhi _bManohar pub. _c2002 |
||
| 300 |
_axiv, 530 p _ccm. |
||
| 650 | _aHISTORY | ||
| 942 |
_hV2(Q7).N9, P2 _cTEXL _2CC |
||
| 999 |
_c274658 _d274658 |
||